[Event "Barcelona Ciutat op-B"]
[Site "Barcelona"]
[Date "2021.08.24"]
[Round "7"]
[White "Silva Pena, Angel David"]
[Black "Walter Travella, German"]
[Result "0-1"]
[WhiteElo "1755"]
[BlackElo "1814"]
[PlyCount "62"]
[EventDate "2021.08.18"]
[EventType "swiss"]
[EventRounds "9"]
[EventCountry "ESP"]
[SourceTitle "EXT 2022"]
[Source "ChessBase"]
[SourceDate "2021.10.06"]
[SourceVersion "1"]
[SourceVersionDate "2021.10.06"]
[SourceQuality "1"]

1. e4 e6 2. d4 d5 3. Nd2 Nf6 4. e5 Nfd7 5. Bd3 c5 6. c3 Nc6 7. Ne2 f6 8. exf6 Qxf6 9. Nf3 cxd4 10. cxd4 Bb4+ 11. Kf1 0-0 12. Be3 e5 13. dxe5 Ndxe5 14. Nxe5 Qxe5 15. Qb3 Kh8 16. Bd4 Qh5 17. Ng3 Qh4 18. Bc3 Qf4 19. Bxg7+ Kg8 20. Qxd5+ Rf7 21. f3 Bg4 22. Bc3 Re8 23. Be4 Be6 24. Qh5 Bc4+ 25. Kf2 Re5 26. Bxe5 Bc5+ 27. Ke1 Qe3+ 28. Kd1 Rd7+ 29. Kc2 Bd3+ 30. Bxd3 Qxd3+ 31. Kc1 Be3# 0-1

[Event "Foment Martinenc op-A 20th"]
[Site "Barcelona"]
[Date "2018.06.09"]
[Round "8"]
[White "Gonzalez Alonso, Marti"]
[Black "Silva Pena, Angel David"]
[Result "0-1"]
[WhiteElo "1845"]
[BlackElo "1804"]
[PlyCount "88"]
[EventDate "2018.04.21"]
[EventType "swiss"]
[EventRounds "9"]
[EventCountry "ESP"]
[SourceTitle "CBM 184 Extra"]
[Source "ChessBase"]
[SourceDate "2018.06.28"]
[SourceVersion "1"]
[SourceVersionDate "2018.06.28"]
[SourceQuality "1"]

1. e4 c6 2. d4 d5 3. e5 Bf5 4. Bd3 Bxd3 5. Qxd3 e6 6. f4 Qa5+ 7. c3 Qa6 8. Qc2 c5 9. f5 Nc6 10. fxe6 fxe6 11. Be3 cxd4 12. Bxd4 Nxd4 13. cxd4 Bb4+ 14. Nc3 Ne7 15. Nge2 0-0 16. Rf1 Nf5 17. Rf3 Rac8 18. Kf2 Rc4 19. Rd1 b5 20. Qb3 Qb6 21. a3 Nxd4 22. Nxd4 Rxd4 23. Rxf8+ Kxf8 24. Rf1 Rf4+ 25. Ke2 Rxf1 26. Kxf1 Bxc3 27. Qxc3 Qb8 28. h3 Ke7 29. Qc5+ Kd7 30. b3 a6 31. Qe3 Qc7 32. Qf4 Ke8 33. Qe3 Qf7+ 34. Kg1 Qf5 35. Qc3 Kf7 36. Qc7+ Kg6 37. Qd6 a5 38. b4 axb4 39. axb4 h5 40. h4 Qg4 41. Qc6 Qd4+ 42. Kh1 Qxh4+ 43. Kg1 Qe1+ 44. Kh2 Qxe5+ 0-1

[Event "Foment Martinenc op-A 20th"]
[Site "Barcelona"]
[Date "2018.05.26"]
[Round "6"]
[White "Garcia Clemente, Julian Francisco"]
[Black "Silva Pena, Angel David"]
[Result "1/2-1/2"]
[WhiteElo "1869"]
[BlackElo "1804"]
[PlyCount "50"]
[EventDate "2018.04.21"]
[EventType "swiss"]
[EventRounds "9"]
[EventCountry "ESP"]
[SourceTitle "CBM 184 Extra"]
[Source "ChessBase"]
[SourceDate "2018.06.28"]
[SourceVersion "1"]
[SourceVersionDate "2018.06.28"]
[SourceQuality "1"]

1. d4 Nf6 2. c4 e6 3. Nc3 Bb4 4. f3 c5 5. d5 b5 6. e4 0-0 7. Nh3 bxc4 8. Bxc4 exd5 9. Bxd5 Nxd5 10. Qxd5 Qh4+ 11. Nf2 Ba6 12. g3 Bxc3+ 13. bxc3 Qf6 14. e5 Qf5 15. Qe4 Qxe4+ 16. Nxe4 Re8 17. Bf4 f6 18. Nxc5 g5 19. Nxa6 Nxa6 20. Be3 Rxe5 21. Kf2 Kf7 22. Rhe1 Nc7 23. Rad1 Re7 24. Bc5 Rxe1 25. Rxe1 Ne6 1/2-1/2

[Event "Foment Martinenc op-A 20th"]
[Site "Barcelona"]
[Date "2018.05.05"]
[Round "3"]
[White "Abad Sanmartin, Jorge"]
[Black "Silva Pena, Angel David"]
[Result "1/2-1/2"]
[WhiteElo "1907"]
[BlackElo "1804"]
[PlyCount "42"]
[EventDate "2018.04.21"]
[EventType "swiss"]
[EventRounds "9"]
[EventCountry "ESP"]
[SourceTitle "CBM 184 Extra"]
[Source "ChessBase"]
[SourceDate "2018.06.28"]
[SourceVersion "1"]
[SourceVersionDate "2018.06.28"]
[SourceQuality "1"]

1. d4 Nf6 2. Nf3 d5 3. c4 e6 4. Nc3 dxc4 5. Bg5 Be7 6. e3 a6 7. Bxc4 b5 8. Bd3 Bb7 9. 0-0 0-0 10. Rc1 Nbd7 11. Qe2 c5 12. Bxf6 Bxf6 13. Be4 Bxe4 14. Nxe4 c4 15. Nxf6+ Nxf6 16. a3 Qd5 17. Ne5 Rac8 18. Rfd1 Rc7 19. f3 Rfc8 20. Rc3 Qd6 21. e4 h6 1/2-1/2

[Event "Foment Martinenc op-A 20th"]
[Site "Barcelona"]
[Date "2018.04.21"]
[Round "1"]
[White "Silva Pena, Angel David"]
[Black "Alvarez Albiol, Victor"]
[Result "1-0"]
[WhiteElo "1804"]
[BlackElo "2024"]
[PlyCount "103"]
[EventDate "2018.04.21"]
[EventType "swiss"]
[EventRounds "9"]
[EventCountry "ESP"]
[SourceTitle "CBM 184 Extra"]
[Source "ChessBase"]
[SourceDate "2018.06.28"]
[SourceVersion "1"]
[SourceVersionDate "2018.06.28"]
[SourceQuality "1"]

1. e4 c5 2. Nf3 Nc6 3. d4 cxd4 4. Nxd4 g6 5. c4 Nf6 6. Nc3 Nxd4 7. Qxd4 d6 8. Be2 Bg7 9. Be3 0-0 10. Qd2 a5 11. 0-0 a4 12. Bh6 Be6 13. Bxg7 Kxg7 14. Qd4 Qa5 15. Kh1 Rfc8 16. f4 Qc5 17. Qxc5 Rxc5 18. b3 Bd7 19. b4 Rcc8 20. e5 dxe5 21. fxe5 Ng4 22. Nd5 Nxe5 23. Nb6 Be6 24. Nxa8 Rxa8 25. c5 a3 26. Rfd1 Nc6 27. b5 Nb4 28. Bf3 Rc8 29. Rdc1 Rc7 30. b6 Rd7 31. Rd1 Nd5 32. Rd3 Nxb6 33. Rad1 Rxd3 34. Rxd3 Na4 35. c6 bxc6 36. Bxc6 Nb6 37. Rxa3 Nc4 38. Rc3 Kf6 39. a4 Ke5 40. Rd3 f5 41. Rd8 f4 42. Ra8 Kd6 43. Bf3 Kc5 44. a5 Bf5 45. a6 e5 46. a7 Nb6 47. Re8 e4 48. Bxe4 Bxe4 49. Rxe4 Kc6 50. Re7 h5 51. Kg1 Kd6 52. Re8 1-0

[Event "Barcelona Sant Marti op-B 19th"]
[Site "Barcelona"]
[Date "2017.07.14"]
[Round "2"]
[White "Bailly, Axel"]
[Black "Silva Pena, Angel David"]
[Result "0-1"]
[WhiteElo "1470"]
[BlackElo "1805"]
[PlyCount "50"]
[EventDate "2017.07.13"]
[EventType "swiss"]
[EventRounds "9"]
[EventCountry "ESP"]
[SourceTitle "EXT 2018"]
[Source "ChessBase"]
[SourceDate "2017.10.13"]
[SourceVersion "1"]
[SourceVersionDate "2017.10.13"]
[SourceQuality "1"]

1. e4 c6 2. d4 d5 3. e5 Bf5 4. c4 e6 5. Nf3 Nd7 6. Be2 h6 7. 0-0 dxc4 8. Nc3 b5 9. Be3 Bb4 10. a3 Bxc3 11. bxc3 Ne7 12. Qd2 Nb6 13. Nh4 Bh7 14. f4 Ned5 15. Nf3 Na4 16. Rac1 Qa5 17. Kh1 Naxc3 18. Rxc3 Qxc3 19. Qxc3 Nxc3 20. Bd1 Nxd1 21. Rxd1 0-0 22. Bd2 a5 23. g3 Be4 24. Kg2 Rfd8 25. Bc1 c5 0-1

[Event "Barcelona Paredes Memorial 19th"]
[Site "Barcelona"]
[Date "2017.06.10"]
[Round "8"]
[White "Martinez Lopez, Carlos"]
[Black "Silva Pena, Angel David"]
[Result "0-1"]
[WhiteElo "1994"]
[BlackElo "1784"]
[PlyCount "62"]
[EventDate "2017.04.22"]
[EventType "swiss"]
[EventRounds "9"]
[EventCountry "ESP"]
[SourceTitle "EXT 2018"]
[Source "ChessBase"]
[SourceDate "2017.10.13"]
[SourceVersion "1"]
[SourceVersionDate "2017.10.13"]
[SourceQuality "1"]

1. e4 c6 2. d4 d5 3. Nc3 dxe4 4. Nxe4 Bf5 5. Ng3 Bg6 6. f4 e6 7. Nf3 Bd6 8. Bd3 Ne7 9. 0-0 Nd7 10. Ne4 Bxe4 11. Bxe4 Nf6 12. Bd3 0-0 13. Kh1 Rc8 14. c3 c5 15. Qb3 Qc7 16. dxc5 Bxc5 17. Ne5 Rcd8 18. Rf3 Bd6 19. Nc4 e5 20. Nxd6 Qxd6 21. fxe5 Qxe5 22. Bf4 Qd5 23. Qc2 Ng6 24. c4 Qd4 25. Bg5 Rd6 26. c5 Rc6 27. Be3 Qe5 28. Re1 Ng4 29. Rg3 Nxe3 30. Rgxe3 Qxc5 31. Qb3 Qxe3 0-1

[Event "Barcelona Paredes Memorial 19th"]
[Site "Barcelona"]
[Date "2017.06.03"]
[Round "7"]
[White "Silva Pena, Angel David"]
[Black "Rodriguez Saez, Gerard"]
[Result "1/2-1/2"]
[WhiteElo "1784"]
[BlackElo "1802"]
[PlyCount "62"]
[EventDate "2017.04.22"]
[EventType "swiss"]
[EventRounds "9"]
[EventCountry "ESP"]
[SourceTitle "EXT 2018"]
[Source "ChessBase"]
[SourceDate "2017.10.13"]
[SourceVersion "1"]
[SourceVersionDate "2017.10.13"]
[SourceQuality "1"]

1. e4 e5 2. Nf3 Nc6 3. Bb5 a6 4. Ba4 Nf6 5. 0-0 b5 6. Bb3 Be7 7. d3 d6 8. c3 0-0 9. Re1 Re8 10. Nbd2 Bf8 11. a4 Bb7 12. Nf1 g6 13. Bg5 Bg7 14. h3 Qd7 15. Ne3 Na5 16. Bc2 c5 17. Nh2 h5 18. Nf3 Nc6 19. Bxf6 Bxf6 20. Nd5 Bd8 21. Qd2 Kg7 22. d4 exd4 23. cxd4 Ba5 24. Qg5 Bxe1 25. Qf6+ Kh6 26. Qg5+ Kg7 27. Nf6 Bxf2+ 28. Kxf2 Qe7 29. Nxh5+ Kh7 30. Nf6+ Kg7 31. Nh5+ Kh7 1/2-1/2

[Event "Barcelona Paredes Memorial 19th"]
[Site "Barcelona"]
[Date "2017.05.06"]
[Round "3"]
[White "Vargas Drechsler, Carlos"]
[Black "Silva Pena, Angel David"]
[Result "1-0"]
[WhiteElo "1964"]
[BlackElo "1784"]
[PlyCount "91"]
[EventDate "2017.04.22"]
[EventType "swiss"]
[EventRounds "9"]
[EventCountry "ESP"]
[SourceTitle "EXT 2018"]
[Source "ChessBase"]
[SourceDate "2017.10.13"]
[SourceVersion "1"]
[SourceVersionDate "2017.10.13"]
[SourceQuality "1"]

1. d4 Nf6 2. Nf3 e6 3. g3 d5 4. Bg2 Be7 5. 0-0 0-0 6. c4 dxc4 7. Qc2 a6 8. a4 Nbd7 9. Nbd2 Rb8 10. Nxc4 b6 11. Nce5 Nxe5 12. Nxe5 Bb7 13. Nc6 Bxc6 14. Bxc6 Qxd4 15. Rd1 Qc5 16. Qxc5 Bxc5 17. Bd2 a5 18. Bc3 Ng4 19. e3 Rfd8 20. h3 Nh6 21. g4 Kf8 22. Kf1 Ng8 23. Ke2 Ne7 24. Be4 h6 25. Rac1 Bd6 26. f4 Rd7 27. g5 hxg5 28. fxg5 Rbd8 29. h4 Bb4 30. Bxb4 axb4 31. Rxd7 Rxd7 32. Rc4 c5 33. h5 Nf5 34. Bxf5 exf5 35. a5 bxa5 36. Rxc5 Ra7 37. Rc8+ Ke7 38. h6 gxh6 39. gxh6 Kd7 40. h7 Kxc8 41. h8Q+ Kb7 42. Qe5 Kc6 43. Qxf5 a4 44. Qe4+ Kb5 45. Qd5+ Kb6 46. Qd4+ 1-0